000 00603nam a2200205Ia 4500
001 279
005 20251205091248.0
008 251203t2014||||xx |||||||||||||| ||spa||
020 _a9788416127092
041 _aESP
082 _a980.01
_bQ45
100 _aQuilter, Jeffrey,
_cAUT
245 0 _aTesoros de los Andes :
_bla riqueza histórica de la Sudamérica inca y precolombina
260 _a[Barcelona] :
_bLuppa Solutions,
_c2014
300 _a223 páginas :
_b fotografías, mapas ;
_c 31 cm.
650 _aGEH
653 _aAmérica del Sur - Historia
654 _aCTP
942 _cLIB
_dJUS
_fMAT
_2ddc
999 _c279
_d279